| 000 | 00668nam a2200217Ia 4500 | ||
|---|---|---|---|
| 003 | OSt | ||
| 005 | 20221005113707.0 | ||
| 006 | a|||||r|||| 00| 0 | ||
| 007 | ta | ||
| 008 | 221004b |||||||| |||| 00| 0 eng d | ||
| 024 | _a26821 | ||
| 037 | _cTextual | ||
| 040 |
_aCRL _cCRL _beng |
||
| 041 |
_2eng _aeng |
||
| 082 | _a98(D).2aN7, K7.1 | ||
| 245 | 0 | _aAbstracts of the theses approved for the D.Sc., Ph. D.M. Tech, and M.Sc. degrees and post-graduate diplomas in the Indian institute of technology Kharagpur, India 1955-1966. | |
| 260 | _c1966 | ||
| 650 | _aBIBLIOGRAPHY | ||
| 942 |
_h98(D).2aN7, K7.1 _cTEXL _2cc |
||
| 999 |
_c1028939 _d1028939 |
||